| 000 | 00898nam a22002777a 4500 | ||
|---|---|---|---|
| 001 | 42129 | ||
| 003 | UA-OsUOA | ||
| 005 | 20220602141857.0 | ||
| 007 | ta | ||
| 008 | 20061026b un ||||| |||| 00| 0 ukr d | ||
| 020 | _a9660007124 | ||
| 040 |
_aUA-OsUOA _bukr _cUA-OsUOA _dUA-OsUOA |
||
| 041 | _aukr | ||
| 080 | _a821.161.2 | ||
| 090 |
_a821.161.2 _bШ40 |
||
| 100 | _aШевченко Т. Г. | ||
| 245 |
_aПовне зібрання творів у дванадцяти томах _cред. М. Г. Жулинський та ін. |
||
| 260 |
_aК. _bНаукова думка _c2001 |
||
| 300 | _a597 с. | ||
| 505 |
_gТ. 4 _tПовісті |
||
| 650 | 7 |
_a82 Література. Літературознавство _2UDC |
|
| 700 | 1 |
_aЖулинський М. Г. _eред. |
|
| 942 |
_cBK _2udc |
||
| 955 | _a3 | ||
| 999 |
_c328261 _d328261 |
||